[Event "Mitropa Cup 12th"]
[Site "Aosta"]
[Date "1988.??.??"]
[Round "?"]
[White "Belotti, Bruno"]
[Black "Boudre, Jean Pierre"]
[Result "0-1"]
[WhiteElo "2340"]
[BlackElo "2320"]
[PlyCount "124"]
[EventDate "1988.06.??"]
[EventType "team-tourn"]
[EventRounds "11"]
[EventCountry "ITA"]
[Source "ChessBase"]
[SourceDate "1994.03.01"]

1. d4 Nf6 2. c4 e6 3. Nf3 c5 4. d5 exd5 5. cxd5 d6 6. Nc3 g6 7. Bf4 a6 8. a4
Bg7 9. e4 O-O 10. Be2 Bg4 11. O-O Nh5 12. Bg5 Qb6 13. Qd2 Nd7 14. h3 Bxf3 15.
Bxf3 Nhf6 16. a5 Qc7 17. Bf4 Rfe8 18. Rfe1 Ne5 19. Be2 Ned7 20. Qc2 Re7 21. g4
Rae8 22. f3 h6 23. Kg2 Nh7 24. Qd2 g5 25. Be3 Nhf8 26. h4 gxh4 27. Bxh6 Ng6 28.
Rh1 Bxc3 29. Qxc3 f6 30. b4 Rh7 31. Be3 Qd8 32. b5 Nde5 33. bxa6 bxa6 34. f4
Nd7 35. Bd3 Rg7 36. Kh3 Qc8 37. Rhg1 c4 38. Rac1 Nc5 39. Qxc4 Qd8 40. Bd2 Rb7
41. Rb1 Rg7 42. g5 fxg5 43. e5 Nxd3 44. Qxd3 dxe5 45. fxg5 e4 46. Qxa6 Qxd5 47.
Be3 Qf5+ 48. Kh2 Ne5 49. Rgf1 Nf3+ 50. Kg2 Rf8 51. Rf2 Qg4+ 52. Kf1 Qg1+ 53.
Ke2 Qxb1 54. Qe6+ Rff7 55. Qe8+ Kh7 56. g6+ Kxg6 57. Rg2+ Kh7 58. Rxg7+ Kxg7
59. Bh6+ Kxh6 60. Qh8+ Kg6 61. Qg8+ Kf6 62. Qd8+ Kg7 0-1

[Event "Mitropa Cup 12th"]
[Site "Aosta"]
[Date "1988.??.??"]
[Round "?"]
[White "Belotti, Bruno"]
[Black "Mohr, Stefan"]
[Result "1-0"]
[WhiteElo "2340"]
[BlackElo "2400"]
[PlyCount "77"]
[EventDate "1988.06.??"]
[EventType "team-tourn"]
[EventRounds "11"]
[EventCountry "ITA"]
[Source "ChessBase"]
[SourceDate "1994.03.01"]

1. d4 d6 2. e4 g6 3. c4 Bg7 4. Nc3 Nd7 5. Be3 e5 6. d5 Ne7 7. Qd2 O-O 8. O-O-O
f5 9. f3 Nf6 10. h3 f4 11. Bf2 g5 12. c5 Ng6 13. Kb1 Rf7 14. Nge2 Bf8 15. cxd6
cxd6 16. Nc1 Be7 17. Nb3 a6 18. Na4 Nd7 19. Na5 Qf8 20. Nb6 Nxb6 21. Bxb6 h5
22. Rc1 Nh4 23. Qb4 g4 24. hxg4 hxg4 25. Nc4 gxf3 26. gxf3 Nxf3 27. Bc7 Bg4 28.
Be2 Rg7 29. Rh6 Bg5 30. Bxd6 Qd8 31. Rhh1 b5 32. Nxe5 a5 33. Qc3 Bf6 34. Nxg4
Bxc3 35. Nh6+ Kh7 36. Nf7+ Qh4 37. Bxf3 Qxh1 38. Rxh1+ Kg6 39. Bh5+ 1-0

[Event "Mitropa Cup 12th"]
[Site "Aosta"]
[Date "1988.??.??"]
[Round "?"]
[White "Belotti, Bruno"]
[Black "Ruefenacht, Matthias"]
[Result "1/2-1/2"]
[WhiteElo "2340"]
[BlackElo "2315"]
[PlyCount "31"]
[EventDate "1988.06.??"]
[EventType "team-tourn"]
[EventRounds "11"]
[EventCountry "ITA"]
[Source "ChessBase"]
[SourceDate "1994.03.01"]

1. e4 e6 2. d4 d5 3. e5 c5 4. c3 Qb6 5. Nf3 Bd7 6. b3 cxd4 7. cxd4 Bb5 8. Bxb5+
Qxb5 9. Qe2 Qa6 10. Qxa6 Nxa6 11. Ba3 Be7 12. Bxe7 Nxe7 13. Nc3 Nc7 14. Kd2 O-O
15. Rac1 Rac8 16. Ne2 1/2-1/2

[Event "Mitropa Cup 12th"]
[Site "Aosta"]
[Date "1988.??.??"]
[Round "?"]
[White "Boudre, Jean Pierre"]
[Black "Landenbergue, Claude"]
[Result "0-1"]
[WhiteElo "2320"]
[BlackElo "2375"]
[PlyCount "78"]
[EventDate "1988.06.??"]
[EventType "team-tourn"]
[EventRounds "11"]
[EventCountry "ITA"]
[Source "ChessBase"]
[SourceDate "1994.03.01"]

1. e4 Nf6 2. e5 Nd5 3. d4 d6 4. c4 Nb6 5. f4 dxe5 6. fxe5 Nc6 7. Be3 Bf5 8. Nc3
e6 9. Nf3 Bg4 10. Be2 Qd7 11. O-O Rd8 12. c5 Nd5 13. Nxd5 Qxd5 14. Ng5 Bxe2 15.
Qxe2 Rd7 16. Kh1 h6 17. Nh3 g5 18. Rad1 Bg7 19. Nf2 Ne7 20. Ng4 Nf5 21. Bg1 h5
22. Ne3 Qe4 23. c6 bxc6 24. Qa6 Nxe3 25. Bxe3 Qxe3 26. Qxc6 Rf8 27. d5 Qb6 28.
Qa4 exd5 29. Rxd5 c6 30. Rxd7 Kxd7 31. Qd1+ Kc8 32. Qxh5 Qe3 33. Qg4+ Kb8 34.
Qb4+ Qb6 35. Qe7 Qd8 36. Qb4+ Ka8 37. Qa4 Qd5 38. Rd1 Qb5 39. Qe4 Re8 0-1

[Event "Mitropa Cup 12th"]
[Site "Aosta"]
[Date "1988.??.??"]
[Round "?"]
[White "Boudre, Jean Pierre"]
[Black "Mohr, Georg"]
[Result "1/2-1/2"]
[WhiteElo "2320"]
[BlackElo "2460"]
[PlyCount "21"]
[EventDate "1988.06.??"]
[EventType "team-tourn"]
[EventRounds "11"]
[EventCountry "ITA"]
[Source "ChessBase"]
[SourceDate "1994.03.01"]

1. e4 c5 2. Nf3 Nc6 3. d4 cxd4 4. Nxd4 Nf6 5. Nc3 e5 6. Ndb5 d6 7. Bg5 a6 8.
Na3 b5 9. Bxf6 gxf6 10. Nd5 f5 11. f3 1/2-1/2

[Event "Mitropa Cup 12th"]
[Site "Aosta"]
[Date "1988.??.??"]
[Round "?"]
[White "Boudre, Jean Pierre"]
[Black "Stull, Norbert"]
[Result "1-0"]
[WhiteElo "2320"]
[BlackElo "2270"]
[PlyCount "85"]
[EventDate "1988.06.??"]
[EventType "team-tourn"]
[EventRounds "11"]
[EventCountry "ITA"]
[Source "ChessBase"]
[SourceDate "1994.03.01"]

1. e4 Nf6 2. e5 Nd5 3. d4 d6 4. c4 Nb6 5. f4 dxe5 6. fxe5 Nc6 7. Be3 Bf5 8. Nc3
e6 9. Nf3 Bb4 10. Rc1 O-O 11. Be2 Na5 12. Nd2 c5 13. dxc5 Nd7 14. O-O Nxe5 15.
a3 Bxc3 16. Rxc3 Nac6 17. Rf4 a5 18. h3 Qe7 19. Qe1 Rad8 20. Qg3 Rd7 21. Rf1
Rfd8 22. Nf3 Nxf3+ 23. Bxf3 Nd4 24. b4 e5 25. Kh2 Bd3 26. Rxd3 Nxf3+ 27. Rxf3
Rxd3 28. Bh6 f6 29. Rxd3 Rxd3 30. Qxd3 gxh6 31. Qe4 axb4 32. axb4 Kf8 33. Kg1
h5 34. Kf2 b6 35. cxb6 Qxb4 36. b7 Kg7 37. Kg3 Kh6 38. Kh4 Qb6 39. c5 Qc7 40.
Qf5 Kg7 41. Qc8 Qe7 42. Kg3 f5 43. Kh2 1-0

[Event "Mitropa Cup 12th"]
[Site "Aosta"]
[Date "1988.??.??"]
[Round "?"]
[White "Fauland, Alexander"]
[Black "Apicella, Manuel"]
[Result "1/2-1/2"]
[WhiteElo "2390"]
[BlackElo "2355"]
[PlyCount "193"]
[EventDate "1988.06.??"]
[EventType "team-tourn"]
[EventRounds "11"]
[EventCountry "ITA"]
[Source "ChessBase"]
[SourceDate "1994.03.01"]

1. d4 Nf6 2. c4 d6 3. Nc3 e5 4. Nf3 e4 5. Ng5 Qe7 6. Qc2 Nc6 7. e3 Bf5 8. d5
Nb8 9. f3 h6 10. Ngxe4 Bxe4 11. fxe4 Nbd7 12. Be2 g6 13. O-O Bg7 14. Bd2 O-O
15. Rf4 a6 16. Raf1 h5 17. b4 Rae8 18. Bd3 Ng4 19. h3 Nge5 20. Be2 Bh6 21. Qb3
Bg5 22. Bc1 c5 23. dxc6 bxc6 24. Qd1 Nb6 25. Qd4 c5 26. bxc5 dxc5 27. Qd1 Bxf4
28. exf4 Nc6 29. Bd3 Rc8 30. Nd5 Nxd5 31. exd5 Nd4 32. f5 Qh4 33. Qd2 Nxf5 34.
Bxf5 gxf5 35. Qh6 Qd4+ 36. Be3 Qg7 37. Qxh5 Qg6 38. Qh4 Qh7 39. Bh6 Rfd8 40.
Qf4 f6 41. Rf3 Rd7 42. Rg3+ Kh8 43. Qh4 Rf7 44. Re3 Rg8 45. Re6 f4 46. Qxf4 Qc2
47. Qf1 Rg6 48. Re2 Qc3 49. Bf4 Qxh3 50. Qb1 Qg4 51. Qe4 Kh7 52. Bd6 Qh5 53.
Bxc5 f5 54. Qe5 Rb7 55. Bd4 Rb1+ 56. Re1 Rxe1+ 57. Qxe1 Qg5 58. Qf1 Qd2 59. Bf2
f4 60. Qe1 Qxa2 61. Qe7+ Rg7 62. Qe4+ Kg8 63. Qe8+ Kh7 64. Qe4+ Kg8 65. Bd4 f3
66. Qe6+ Kh7 67. Qh3+ Kg8 68. Bxg7 f2+ 69. Kh2 Kxg7 70. Qg4+ Kf6 71. Qf4+ Ke7
72. Qe4+ Kf7 73. Qf5+ Ke7 74. c5 Qxd5 75. Qxd5 f1=Q 76. Qd6+ Kf7 77. c6 Qc4 78.
Qd7+ Kf6 79. Qd6+ Kf5 80. Qd7+ Kf6 81. Qd8+ Kf5 82. Qf8+ Ke5 83. Qe7+ Kf5 84.
g4+ Kxg4 85. c7 Qc2+ 86. Kg1 Kf3 87. Qa3+ Kg4 88. Qe7 Kf3 89. Qf6+ Kg3 90. Qg7+
Kf3 91. Kh1 Qc1+ 92. Kh2 Qc2+ 93. Kh3 Qf5+ 94. Kh4 Qf4+ 95. Kh5 Qh2+ 96. Kg6
Qc2+ 97. Kh6 1/2-1/2

[Event "Mitropa Cup 12th"]
[Site "Aosta"]
[Date "1988.??.??"]
[Round "?"]
[White "Fauland, Alexander"]
[Black "Landenbergue, Claude"]
[Result "1/2-1/2"]
[WhiteElo "2390"]
[BlackElo "2375"]
[PlyCount "81"]
[EventDate "1988.06.??"]
[EventType "team-tourn"]
[EventRounds "11"]
[EventCountry "ITA"]
[Source "ChessBase"]
[SourceDate "1994.03.01"]

1. d4 Nf6 2. Nf3 e6 3. c4 Bb4+ 4. Nbd2 O-O 5. a3 Be7 6. e3 b6 7. Bd3 Bb7 8. Qc2
c5 9. e4 Nh5 10. Nf1 Qe8 11. Ng3 f5 12. exf5 Bxf3 13. gxf3 Nc6 14. fxe6 Nxd4
15. Bxh7+ Kh8 16. Qg6 Nf6 17. Qxe8 Nxe8 18. Be4 dxe6 19. Bxa8 Nc2+ 20. Ke2 Nxa1
21. h4 Nb3 22. Bg5 Bf6 23. Kd3 Nd6 24. Be4 Na5 25. Nh5 Naxc4 26. Nf4 Ne5+ 27.
Ke2 Nb5 28. Nxe6 Re8 29. a4 Rxe6 30. axb5 Nc4 31. Bxf6 gxf6 32. Kd3 Nd6 33. Bc6
Nf5 34. Ra1 Re7 35. b4 cxb4 36. Rb1 b3 37. Rxb3 Nxh4 38. Kd4 Nf5+ 39. Kd5 Re5+
40. Kc4 Ne7 41. Kd4 1/2-1/2

[Event "Mitropa Cup 12th"]
[Site "Aosta"]
[Date "1988.??.??"]
[Round "?"]
[White "Fauland, Alexander"]
[Black "Wahls, Matthias"]
[Result "1/2-1/2"]
[WhiteElo "2390"]
[BlackElo "2440"]
[PlyCount "112"]
[EventDate "1988.06.??"]
[EventType "team-tourn"]
[EventRounds "11"]
[EventCountry "ITA"]
[Source "ChessBase"]
[SourceDate "1994.03.01"]

1. d4 Nf6 2. c4 e6 3. Nf3 c5 4. d5 exd5 5. cxd5 d6 6. Nc3 g6 7. Bf4 a6 8. Nd2
b5 9. a4 b4 10. Nce4 Nh5 11. Bg5 f6 12. Bh4 g5 13. e3 Ng7 14. Qf3 Be7 15. Bg3
f5 16. Nxc5 g4 17. Qf4 dxc5 18. Qe5 Kf8 19. d6 Bf6 20. Qd5 Ra7 21. Qxc5 Rd7 22.
Nc4 Nh5 23. Bd3 Bb7 24. O-O Kg7 25. Qxf5 Nxg3 26. Qxg4+ Bg5 27. fxg3 h5 28. Qf5
Qf6 29. Qc5 Rc8 30. Rxf6 Rxc5 31. Rg6+ Kf8 32. h4 Bd8 33. Re6 Kg7 34. Rg6+ Kf8
35. Re1 Nc6 36. Rh6 Kg8 37. Re6 Kg7 38. Rg6+ Kf8 39. Rh6 Rf7 40. Rh8+ Kg7 41.
Re8 Bf6 42. Be2 Rd7 43. Rd1 Kf7 44. Re4 Na5 45. Rf4 Nxc4 46. Bxc4+ Kg7 47. Be6
Rd8 48. Rxb4 Bc6 49. Rb6 a5 50. b4 Rc2 51. Bh3 axb4 52. Rxb4 Be5 53. g4 Rxd6
54. Rdb1 Rdd2 55. gxh5 Kh6 56. Rg4 Rd6 1/2-1/2

[Event "Mitropa Cup 12th"]
[Site "Aosta"]
[Date "1988.??.??"]
[Round "?"]
[White "Feller, Joseph"]
[Black "Gostisa, Leon"]
[Result "1-0"]
[WhiteElo "2205"]
[BlackElo "2420"]
[PlyCount "81"]
[EventDate "1988.06.??"]
[EventType "team-tourn"]
[EventRounds "11"]
[EventCountry "ITA"]
[Source "ChessBase"]
[SourceDate "1994.03.01"]

1. e4 c5 2. c3 d6 3. d4 Nf6 4. dxc5 Nc6 5. Bc4 Nxe4 6. Bxf7+ Kxf7 7. Qd5+ e6 8.
Qxe4 d5 9. Qf3+ Qf6 10. Be3 Ne5 11. Qe2 Qf5 12. Nf3 Nxf3+ 13. Qxf3 Qxf3 14.
gxf3 Bd7 15. Nd2 e5 16. O-O-O a5 17. Nc4 Bh3 18. Nxe5+ Ke6 19. Nd3 g5 20. Bxg5
Kf5 21. Rhg1 Rg8 22. Be3 Rxg1 23. Rxg1 Kf6 24. Nf4 Bf5 25. Nxd5+ Kf7 26. Rg5
Bg6 27. Nf4 Bh6 28. Rd5 Bxf4 29. Bxf4 Rc8 30. h4 Ke6 31. Rd6+ Kf5 32. Be3 Rc7
33. b4 Be8 34. a3 Bc6 35. f4 Rg7 36. c4 Rg1+ 37. Kb2 Be4 38. b5 Rg7 39. h5 Bf3
40. h6 Rg6 41. Kc3 1-0

[Event "Mitropa Cup 12th"]
[Site "Aosta"]
[Date "1988.??.??"]
[Round "?"]
[White "Feller, Joseph"]
[Black "Roos, Daniel"]
[Result "1-0"]
[WhiteElo "2205"]
[BlackElo "2370"]
[PlyCount "89"]
[EventDate "1988.06.??"]
[EventType "team-tourn"]
[EventRounds "11"]
[EventCountry "ITA"]
[Source "ChessBase"]
[SourceDate "1994.03.01"]

1. e4 c6 2. d4 d5 3. Nc3 dxe4 4. Nxe4 Nf6 5. Nxf6+ gxf6 6. Bc4 Bf5 7. Ne2 Nd7
8. Be3 e6 9. Nf4 Bd6 10. Qd2 Rg8 11. f3 Nb6 12. Bb3 a5 13. a4 Nd5 14. Bxd5 cxd5
15. g4 Bg6 16. h4 Bxf4 17. Bxf4 h5 18. Ra3 Qd7 19. Rg1 Bf5 20. g5 Rc8 21. Rc3
b6 22. Rg2 fxg5 23. Rxg5 Bg6 24. Be5 Rc6 25. Rg3 Rc4 26. f4 Qe7 27. f5 Qxh4 28.
fxg6 Rxg6 29. Qf2 Rxc3 30. bxc3 Qh1+ 31. Kd2 Qh4 32. Qg2 Rxg3 33. Qxg3 Qxg3 34.
Bxg3 Kd7 35. Kd3 Kc6 36. c4 f6 37. Bh4 f5 38. Bg3 f4 39. Bxf4 h4 40. Be5 h3 41.
Bh2 Kd7 42. cxd5 exd5 43. c4 Kc6 44. Kc3 dxc4 45. Kxc4 1-0

[Event "Mitropa Cup 12th"]
[Site "Aosta"]
[Date "1988.??.??"]
[Round "?"]
[White "Gerber, Richard"]
[Black "Apicella, Manuel"]
[Result "0-1"]
[WhiteElo "2355"]
[BlackElo "2355"]
[PlyCount "94"]
[EventDate "1988.06.??"]
[EventType "team-tourn"]
[EventRounds "11"]
[EventCountry "ITA"]
[Source "ChessBase"]
[SourceDate "1994.03.01"]

1. d4 Nf6 2. Nf3 g6 3. Bg5 Bg7 4. Nbd2 c5 5. Bxf6 Bxf6 6. Ne4 Bxd4 7. Nxd4 cxd4
8. Qxd4 O-O 9. Nc3 Nc6 10. Qd2 a6 11. h4 Qb6 12. h5 Qxb2 13. Rb1 Qa3 14. Rb3
Qd6 15. Qxd6 exd6 16. hxg6 fxg6 17. Ne4 d5 18. Nd6 Nd4 19. Rbh3 Rf6 20. Ne8 Rf7
21. c3 Nb5 22. Kd2 Kf8 23. Re3 d6 24. a4 Bd7 25. axb5 Bxe8 26. Rf3 axb5 27.
Rxh7 Ra1 28. Rh8+ Ke7 29. Re3+ Kd7 30. Rexe8 Rxf2 31. Reg8 Rfxf1 32. Rg7+ Kc6
33. Rc8+ Kb6 34. Rxg6 Ra2+ 35. Ke3 Re1 36. Rxd6+ Ka7 37. g4 Rexe2+ 38. Kf3 Rf2+
39. Kg3 Rg2+ 40. Kf4 Ra4+ 41. Ke5 Rgxg4 42. Rxd5 Rg5+ 43. Kd6 Rg6+ 44. Ke5 Rc6
45. Rxc6 bxc6 46. Rd3 Rc4 47. Kd6 Kb6 0-1

[Event "Mitropa Cup 12th"]
[Site "Aosta"]
[Date "1988.??.??"]
[Round "?"]
[White "Gerber, Richard"]
[Black "Feller, Joseph"]
[Result "1-0"]
[WhiteElo "2355"]
[BlackElo "2205"]
[PlyCount "61"]
[EventDate "1988.06.??"]
[EventType "team-tourn"]
[EventRounds "11"]
[EventCountry "ITA"]
[Source "ChessBase"]
[SourceDate "1994.03.01"]

1. d4 d5 2. Nf3 Nf6 3. Bg5 e6 4. Nbd2 Be7 5. e3 O-O 6. Bd3 c5 7. c3 Nbd7 8. O-O
b6 9. Ne5 Bb7 10. Qf3 h6 11. Bf4 Nxe5 12. dxe5 Nh7 13. Qg4 Bg5 14. Bg3 d4 15.
Rad1 dxe3 16. Nc4 Qc7 17. f4 Be7 18. f5 exf5 19. Bxf5 Qc6 20. Nxe3 Rad8 21. c4
Rd4 22. Nd5 Re8 23. Rxd4 cxd4 24. Bxh7+ Kxh7 25. Rxf7 Bg5 26. h4 Bc8 27. Qxd4
Qg6 28. Rxa7 Bd8 29. Nf6+ Bxf6 30. exf6 Rg8 31. Qd6 1-0

[Event "Mitropa Cup 12th"]
[Site "Aosta"]
[Date "1988.??.??"]
[Round "?"]
[White "Gerber, Richard"]
[Black "Wahls, Matthias"]
[Result "1-0"]
[WhiteElo "2355"]
[BlackElo "2440"]
[PlyCount "103"]
[EventDate "1988.06.??"]
[EventType "team-tourn"]
[EventRounds "11"]
[EventCountry "ITA"]
[Source "ChessBase"]
[SourceDate "1994.03.01"]

1. d4 Nf6 2. c4 e6 3. Nc3 Bb4 4. e3 b6 5. Nge2 Ba6 6. a3 Bxc3+ 7. Nxc3 d5 8. b3
O-O 9. Be2 Nc6 10. a4 Qd7 11. O-O dxc4 12. bxc4 Na5 13. Nb5 c6 14. Na3 Rfd8 15.
Bb2 c5 16. Qc2 cxd4 17. exd4 Rac8 18. Rac1 Rc6 19. Qb1 Rdc8 20. Qa2 Ne8 21. Rc2
Nd6 22. Rfc1 R6c7 23. Nb5 Nxb5 24. axb5 Bxb5 25. Ba1 Ba6 26. h3 Rc6 27. d5 exd5
28. cxd5 Rxc2 29. Rxc2 Rxc2 30. Qxc2 Bxe2 31. Qxe2 f6 32. Bb2 Nb3 33. Ba3 Nd4
34. Qc4 Nb5 35. Be7 Nc7 36. d6+ Ne6 37. f4 f5 38. Qd5 g6 39. g4 fxg4 40. hxg4
Kg7 41. Qe5+ Kg8 42. f5 gxf5 43. gxf5 Ng7 44. Qd5+ Kh8 45. Qa8+ Ne8 46. Bf6+
Kg8 47. Qd5+ Kf8 48. Be7+ Kg7 49. f6+ Kh8 50. Qd4 Kg8 51. Qc4+ Kh8 52. f7 1-0

[Event "Mitropa Cup 12th"]
[Site "Aosta"]
[Date "1988.??.??"]
[Round "?"]
[White "Gostisa, Leon"]
[Black "Hickl, Joerg"]
[Result "0-1"]
[WhiteElo "2420"]
[BlackElo "2485"]
[PlyCount "112"]
[EventDate "1988.06.??"]
[EventType "team-tourn"]
[EventRounds "11"]
[EventCountry "ITA"]
[Source "ChessBase"]
[SourceDate "1994.03.01"]

1. d4 Nf6 2. c4 d6 3. Nf3 c6 4. Nc3 Nbd7 5. e4 e5 6. Be2 a6 7. O-O b5 8. a3 Be7
9. Re1 O-O 10. b4 Bb7 11. Bf1 Re8 12. a4 bxc4 13. dxe5 Nxe5 14. Nxe5 dxe5 15.
Qxd8 Raxd8 16. Rb1 Bc8 17. Be3 Be6 18. Rb2 Rb8 19. Reb1 Rb7 20. a5 Reb8 21. Bb6
Bd8 22. Na4 Nxe4 23. Re1 Bxb6 24. Nxb6 Nf6 25. Rc2 Nd5 26. Bxc4 Nxb4 27. Rcc1
Bxc4 28. Rxc4 Nd5 29. Rxe5 Nxb6 30. axb6 Rxb6 31. h4 Kf8 32. Rd4 Rb5 33. Re3
Rb1+ 34. Kh2 R1b4 35. Rd7 Rxh4+ 36. Kg3 Rh5 37. Rf3 f6 38. Ra7 Rg5+ 39. Kh2 a5
40. Rd3 h5 41. f4 Rg4 42. Rxa5 h4 43. f5 Kg8 44. Kh3 Rbb4 45. Ra8+ Kh7 46. Rdd8
Kh6 47. Rd7 Rg3+ 48. Kh2 Rbg4 49. Rh8+ Kg5 50. Rxg7+ Kxf5 51. Rxg4 Rxg4 52.
Rh5+ Ke6 53. Rc5 Kd6 54. Rf5 c5 55. Rxf6+ Kd5 56. Kh3 Re4 0-1

[Event "Mitropa Cup 12th"]
[Site "Aosta"]
[Date "1988.??.??"]
[Round "?"]
[White "Gostisa, Leon"]
[Black "Tatai, Stefano"]
[Result "0-1"]
[WhiteElo "2420"]
[BlackElo "2380"]
[PlyCount "62"]
[EventDate "1988.06.??"]
[EventType "team-tourn"]
[EventRounds "11"]
[EventCountry "ITA"]
[Source "ChessBase"]
[SourceDate "1994.03.01"]

1. d4 Nf6 2. c4 e6 3. g3 Bb4+ 4. Bd2 Qe7 5. Bg2 Nc6 6. Nf3 Bxd2+ 7. Nbxd2 d6 8.
e4 e5 9. d5 Nb8 10. c5 dxc5 11. Nc4 O-O 12. O-O Nbd7 13. d6 cxd6 14. Nxd6 Nb6
15. Nf5 Bxf5 16. exf5 e4 17. Re1 Rad8 18. Qc2 Nbd5 19. Ng5 e3 20. fxe3 Nb4 21.
Qe2 Nd3 22. Rf1 Rfe8 23. Rad1 c4 24. b3 Qc5 25. Rf3 b5 26. Kh1 Ng4 27. Ra1 Nxe3
28. bxc4 bxc4 29. h3 Nxg2 30. Qxg2 h6 31. Ne4 Qd5 0-1

[Event "Mitropa Cup 12th"]
[Site "Aosta"]
[Date "1988.??.??"]
[Round "?"]
[White "Hickl, Joerg"]
[Black "Feller, Joseph"]
[Result "1-0"]
[WhiteElo "2485"]
[BlackElo "2205"]
[PlyCount "59"]
[EventDate "1988.06.??"]
[EventType "team-tourn"]
[EventRounds "11"]
[EventCountry "ITA"]
[Source "ChessBase"]
[SourceDate "1994.03.01"]

1. e4 e5 2. Nc3 Nf6 3. g3 d5 4. exd5 Nxd5 5. Bg2 Nxc3 6. bxc3 Nc6 7. Nf3 Bd6 8.
O-O O-O 9. d4 Bg4 10. h3 Bh5 11. g4 Bg6 12. dxe5 Nxe5 13. Nd4 Nc6 14. f4 Nxd4
15. cxd4 f5 16. Bxb7 Rb8 17. Bg2 fxg4 18. hxg4 Qh4 19. c4 Bb4 20. a4 Rfe8 21.
Bd5+ Kh8 22. Qf3 Re7 23. f5 Bd6 24. Ra2 Be8 25. c5 Bg3 26. Rg2 Be1 27. Bf4 Rb1
28. Be6 Qf6 29. Be5 Qg5 30. f6 1-0

[Event "Mitropa Cup 12th"]
[Site "Aosta"]
[Date "1988.??.??"]
[Round "?"]
[White "Hickl, Joerg"]
[Black "Wirthensohn, Heinz"]
[Result "1-0"]
[WhiteElo "2485"]
[BlackElo "2425"]
[PlyCount "29"]
[EventDate "1988.06.??"]
[EventType "team-tourn"]
[EventRounds "11"]
[EventCountry "ITA"]
[Source "ChessBase"]
[SourceDate "1994.03.01"]

1. e4 c5 2. Nc3 Nc6 3. f4 g6 4. Nf3 Bg7 5. Bb5 Nd4 6. O-O Nxb5 7. Nxb5 d6 8. d3
Bg4 9. Qe1 a6 10. Nc3 b5 11. Kh1 Bxf3 12. Rxf3 Nf6 13. Bd2 Nd7 14. Nd5 e6 15.
Ba5 1-0

[Event "Mitropa Cup 12th"]
[Site "Aosta"]
[Date "1988.??.??"]
[Round "?"]
[White "Hickl, Joerg"]
[Black "Wittmann, Walter"]
[Result "1/2-1/2"]
[WhiteElo "2485"]
[BlackElo "2400"]
[PlyCount "96"]
[EventDate "1988.06.??"]
[EventType "team-tourn"]
[EventRounds "11"]
[EventCountry "ITA"]
[Source "ChessBase"]
[SourceDate "1994.03.01"]

1. e4 c5 2. Nc3 Nc6 3. f4 e6 4. Nf3 Nge7 5. d4 cxd4 6. Nxd4 d5 7. Be3 dxe4 8.
Ndb5 Nf5 9. Qxd8+ Kxd8 10. O-O-O+ Bd7 11. Bg1 e3 12. g4 Nh6 13. h3 a6 14. Nd6
Bxd6 15. Rxd6 Kc7 16. Rd1 Ne7 17. Bxe3 Bc6 18. Rh2 Rad8 19. Rhd2 Rxd2 20. Rxd2
Re8 21. Bd3 f5 22. Bd4 g6 23. Be5+ Kc8 24. Bc4 Neg8 25. g5 Nf7 26. Bg7 Nd8 27.
a4 Re7 28. Bf8 Rd7 29. b4 Rxd2 30. Kxd2 Kd7 31. b5 axb5 32. axb5 Bg2 33. h4 Ne7
34. Bb3 Nd5 35. Nxd5 exd5 36. Bg7 Ne6 37. Be5 Nc5 38. Ba2 b6 39. Ke3 Ne6 40. c4
dxc4 41. Bxc4 Bb7 42. Bd4 Nc7 43. Bg8 Nd5+ 44. Kd2 Nxf4 45. Bxb6 Bd5 46. Bxh7
Bf7 47. Ba5 Kd6 48. Ke3 Ne6 1/2-1/2

[Event "Mitropa Cup 12th"]
[Site "Aosta"]
[Date "1988.??.??"]
[Round "?"]
[White "Landenbergue, Claude"]
[Black "Tatai, Stefano"]
[Result "1/2-1/2"]
[WhiteElo "2375"]
[BlackElo "2380"]
[PlyCount "85"]
[EventDate "1988.06.??"]
[EventType "team-tourn"]
[EventRounds "11"]
[EventCountry "ITA"]
[Source "ChessBase"]
[SourceDate "1994.03.01"]

1. Nf3 Nf6 2. c4 e6 3. g3 d5 4. b3 Be7 5. Bg2 O-O 6. O-O c5 7. Bb2 Nc6 8. e3
dxc4 9. bxc4 Qb6 10. Qb3 Bd7 11. Nc3 Rfd8 12. Rfd1 Be8 13. Rab1 Qxb3 14. axb3
Rab8 15. d4 cxd4 16. exd4 a6 17. d5 exd5 18. Nxd5 Nxd5 19. cxd5 Na7 20. Ne5 Nb5
21. Nc4 Bb4 22. Rbc1 f6 23. g4 Bf7 24. h4 h6 25. Bf3 Rbc8 26. Kg2 Rc5 27. Ne3
Rxc1 28. Rxc1 Bd2 29. Rd1 Bc3 30. Bxc3 Nxc3 31. Rd4 Nb5 32. Re4 Kf8 33. g5 hxg5
34. hxg5 fxg5 35. Kg3 Rd6 36. Rc4 Rd8 37. Kg4 Nd6 38. Rc7 Be8 39. Kxg5 Rd7 40.
Rxd7 Bxd7 41. Kf4 Ke7 42. Ke5 a5 43. Kd4 1/2-1/2

[Event "Mitropa Cup 12th"]
[Site "Aosta"]
[Date "1988.??.??"]
[Round "?"]
[White "Lanzani, Mario"]
[Black "Fauland, Alexander"]
[Result "0-1"]
[WhiteElo "2375"]
[BlackElo "2390"]
[PlyCount "102"]
[EventDate "1988.06.??"]
[EventType "team-tourn"]
[EventRounds "11"]
[EventCountry "ITA"]
[Source "ChessBase"]
[SourceDate "1994.03.01"]

1. d4 Nf6 2. c4 e6 3. g3 c5 4. d5 exd5 5. cxd5 Bd6 6. Na3 O-O 7. Bg2 Bc7 8. d6
Ba5+ 9. Kf1 Nc6 10. Be3 b6 11. Nc4 Ba6 12. Bxc6 Bxc4 13. Bf3 Rc8 14. Rc1 Be6
15. Kg2 Ng4 16. Bxg4 Bxg4 17. a3 Be6 18. Nf3 Qf6 19. Qc2 h6 20. Rhd1 Rfe8 21.
Bd4 Qf5 22. Qxf5 Bxf5 23. Be3 Rc6 24. Nd2 b5 25. Rxc5 Rxc5 26. Bxc5 Rxe2 27. b4
Bd8 28. Nb3 Bc2 29. Rd2 Rxd2 30. Nxd2 a6 31. Bd4 f6 32. Kf3 Kf7 33. Bc5 Ke6 34.
Ke3 Bd1 35. Nb1 f5 36. Nc3 Bb3 37. Ne2 Bc4 38. Nf4+ Kf7 39. Bd4 g5 40. Ng2 Ke6
41. Bg7 h5 42. h4 Bf1 43. Ne1 gxh4 44. gxh4 Kxd6 45. Nf3 Kd5 46. Kf4 Bg2 47.
Nd4 Bxh4 48. f3 Bf2 49. Nxf5 h4 50. Ne3+ Ke6 51. Ng4 Bg3+ 0-1

[Event "Mitropa Cup 12th"]
[Site "Aosta"]
[Date "1988.??.??"]
[Round "?"]
[White "Lanzani, Mario"]
[Black "Mohr, Georg"]
[Result "0-1"]
[WhiteElo "2375"]
[BlackElo "2460"]
[PlyCount "34"]
[EventDate "1988.06.??"]
[EventType "team-tourn"]
[EventRounds "11"]
[EventCountry "ITA"]
[Source "ChessBase"]
[SourceDate "1994.03.01"]

1. e4 c5 2. Nf3 Nc6 3. d4 cxd4 4. Nxd4 Nf6 5. Nc3 e5 6. Ndb5 d6 7. Bg5 a6 8.
Na3 b5 9. Bxf6 gxf6 10. Nd5 f5 11. Bxb5 axb5 12. Nxb5 Qa5+ 13. c3 Qa4 14. Ndc7+
Kd7 15. Qd5 Rb8 16. exf5 Nd8 17. Rd1 Bb7 0-1

[Event "Mitropa Cup 12th"]
[Site "Aosta"]
[Date "1988.??.??"]
[Round "?"]
[White "Lanzani, Mario"]
[Black "Schlueter, Wolfgang"]
[Result "1/2-1/2"]
[WhiteElo "2375"]
[BlackElo "2245"]
[PlyCount "85"]
[EventDate "1988.06.??"]
[EventType "team-tourn"]
[EventRounds "11"]
[EventCountry "ITA"]
[Source "ChessBase"]
[SourceDate "1994.03.01"]

1. e4 Nf6 2. e5 Nd5 3. Nc3 e6 4. d4 d6 5. Nf3 Nc6 6. Bd3 Nxc3 7. bxc3 dxe5 8.
dxe5 Be7 9. Qe2 f6 10. O-O fxe5 11. Rd1 Bd7 12. Ng5 Bxg5 13. Qh5+ Kf8 14. Bxg5
Qe8 15. Bg6 Qxg6 16. Qxg6 hxg6 17. Rxd7 Rc8 18. h4 Rg8 19. Rad1 Nb8 20. g3 Nxd7
21. Rxd7 Ke8 22. Re7+ Kf8 23. Kf1 Rh8 24. Ke2 Kg8 25. Ke3 Kh7 26. Bf6 Rhg8 27.
Bxe5 b5 28. f4 c5 29. Rxa7 b4 30. Rb7 Ra8 31. cxb4 cxb4 32. Rxb4 Rxa2 33. Rc4
Raa8 34. c3 Rac8 35. Rb4 Rc6 36. Rb7 Kh6 37. g4 Kh7 38. Re7 Kh6 39. Bd4 Kh7 40.
g5 Rcc8 41. Rf7 Rcf8 42. Ra7 Ra8 43. Re7 1/2-1/2